000 00596nam a2200241Ia 4500
005 20260430150554.0
008 008 250103s9999 xx 000 0 eng d
037 _aTheses
040 _aCRL
040 _beng
040 _ceng
041 _2eng
041 _aeng
084 _qCRL
100 _aGeever Alphy Au.; Singh R M Gu.
_91237887
245 4 _aThe Cognitive Impenetrability of Perception
260 _c2023
300 _a149p.
650 _aPhilosophy
700 _aUniversity of Delhi. Faculty of Arts. Deptt. of Philosophy
942 _cTH
999 _c1850108
_d1850108